000 00461nam a2200193Ia 4500
003 0100
008 130303s9999 xx 000 0 und d
040 _cARRUPELIB
050 _aB3181.R56 1970
100 _aRintelen, Fritz-Joachim Von
245 _aContemporary German Philosophy
245 _band its Background
260 _aBonn
260 _bH. Bouvier u. CO. Verlag
260 _C1970
300 _a177p.
300 _b 22cm
942 _2lcc
_01
999 _c60584
_d60584